| 000 | 00929nam2a2200241 4500 | ||
|---|---|---|---|
| 001 | rc\2972392 | ||
| 005 | 20260315061714.0 | ||
| 035 | _a(NLR Aleph) 007118370 | ||
| 090 |
_a13607847 _c13607847 |
||
| 100 | _a20110907d1937 u y0rusy50 ca | ||
| 101 | 0 | _arus | |
| 102 | _aRU | ||
| 105 | _ay z ||||| | ||
| 200 | 1 | _aМетодика выработки подошвы "Аго" синтано-растительного дубления барабанным способом | |
| 210 | _d1937 | ||
| 215 | _a55-56, [1] с. | ||
| 461 | 0 |
_1001rc\2972366 _12001#$aОбмен опытом$e[1]-$v40 _96837395 _a"Кожевенно-обувная промышленность СССР", журнал (Москва) _c[Москва] _d1937 _nБ. и. _o[1]- _tОбмен опытом _v40 |
|
| 700 | 1 |
_aШейнкман _bД.А. |
|
| 801 | 0 |
_aRU _bNLR _gpsbo |
|
| 801 | 1 |
_aRU _bELAR _2rusmarc |
|
| 852 |
_aNLR _j37-15/29 |
||
| 942 | _cUNSPEC | ||
| 980 | _aNB | ||